[Event "Niedersachsen-Rheinland-Pfalz"]
[Site "Dresden"]
[Date "2008.11.16"]
[Round "5.8"]
[White "Manusina, Nicole"]
[Black "Röhlich, Anna"]
[Result "1-0"]
[WhiteElo "1612"]
[BlackElo "987"]
[PlyCount "101"]
[EventDate "2008.??.??"]
[WhiteTeam "Niedersachsen"]
[BlackTeam "Rheinland-Pfalz"]

1. d4 Nf6 2. c4 g6 3. Nc3 Bg7 4. e4 d6 5. f3 O-O 6. Be3 e5 7. d5 Nh5 8. Qd2 f5
9. exf5 gxf5 10. O-O-O f4 11. Bf2 a5 12. Bd3 Na6 13. g4 Nf6 14. h4 Nc5 15. Bb1
Bd7 16. h5 Bh6 17. Nh3 Ne8 18. Qc2 Rf7 19. g5 Bxh3 20. gxh6 Bd7 21. Rdg1+ Kf8
22. Bxc5 dxc5 23. Ne4 b6 24. Ng5 Bf5 25. Ne6+ Ke7 26. Nxd8 Bxc2 27. Nxf7 Bxb1
28. Kxb1 Kxf7 29. Kc2 Rd8 30. Re1 Kf6 31. Rh2 Nd6 32. b3 Nf7 33. Rhe2 Rd6 34.
Kc3 Kf5 35. a3 Rxh6 36. b4 cxb4+ 37. axb4 axb4+ 38. Kxb4 Rxh5 39. Ra1 Ng5 40.
Rf2 e4 41. fxe4+ Nxe4 42. Rfa2 f3 43. Ra7 f2 44. Rxc7 Ke5 45. Re7+ Kd4 46. Rd1+
Ke3 47. d6 Ra5 48. d7 Ra8 49. Re8 Rd8 50. Rxd8 Nf6 51. Re8+ 1-0

[Event "Sachsen 2-Thüringen"]
[Site "Dresden"]
[Date "2008.11.16"]
[Round "5.2"]
[White "Zimmermann, René"]
[Black "Wolf, Isaak"]
[Result "1/2-1/2"]
[WhiteElo "1980"]
[BlackElo "1856"]
[PlyCount "101"]
[EventDate "2008.??.??"]
[WhiteTeam "Sachsen 2"]
[BlackTeam "Thüringen"]

1. d4 d5 2. Nf3 Nf6 3. c4 e6 4. Nc3 Be7 5. Bg5 Nbd7 6. cxd5 Nxd5 7. Bxe7 Qxe7
8. Nxd5 exd5 9. e3 O-O 10. Bd3 Nf6 11. Qc2 Bg4 12. Ne5 Qb4+ 13. Qd2 Qxd2+ 14.
Kxd2 Bh5 15. f3 Bg6 16. Be2 Rad8 17. Rhc1 c6 18. b4 Nd7 19. Nxd7 Rxd7 20. b5
Rc8 21. bxc6 bxc6 22. Ba6 Rcc7 23. Rc3 f6 24. Rac1 Rd6 25. Bb5 Be8 26. Ba4 Kf8
27. Rc5 Rb7 28. Bb3 Ke7 29. Kc3 f5 30. e4 fxe4 31. fxe4 dxe4 32. Re5+ Kd8 33.
Rxe4 Bf7 34. Rf1 Bxb3 35. Rf8+ Kc7 36. axb3 Kb6 37. Kc4 g6 38. Re5 Rbd7 39. Rf4
Rb7 40. b4 a6 41. g4 Rbd7 42. h4 Kb7 43. h5 gxh5 44. gxh5 Kb6 45. Rh4 Rh6 46.
Rhe4 Rf7 47. d5 cxd5+ 48. Rxd5 Rf1 49. Re7 Rf4+ 50. Kb3 Rh4 51. Ree5 1/2-1/2

[Event "Württemberg 2-Hamburg"]
[Site "Dresden"]
[Date "2008.11.16"]
[Round "5.8"]
[White "Bohm, Stephanie"]
[Black "Lemke, Berfín"]
[Result "0-1"]
[WhiteElo "1162"]
[BlackElo "1095"]
[PlyCount "96"]
[EventDate "2008.??.??"]
[WhiteTeam "Württemberg 2"]
[BlackTeam "Hamburg"]

1. d4 d5 2. c4 e6 3. Nf3 Nf6 4. Nc3 Nbd7 5. e3 Be7 6. Bd3 O-O 7. O-O Re8 8. Re1
Nf8 9. Ne5 N8d7 10. Ng4 c6 11. c5 Nf8 12. Ne5 N8d7 13. Nf3 Qc7 14. b4 e5 15. e4
exd4 16. Nxd4 dxe4 17. Nxe4 Nxe4 18. Bxe4 Nf6 19. Bb2 Nxe4 20. Rxe4 Rd8 21. Qe2
Re8 22. Re1 Kf8 23. Qh5 h6 24. Nf5 Bxf5 25. Qxf5 Kg8 26. Qe5 Qxe5 27. Rxe5 Kf8
28. Rd1 Rad8 29. Rde1 Rd5 30. g3 Rxe5 31. Rxe5 Rd8 32. Re2 g5 33. a4 h5 34. Ba3
h4 35. g4 h3 36. f3 Rd3 37. Bc1 Rd1+ 38. Kf2 Rxc1 39. Rb2 Bf6 40. Rb3 Be5 41.
b5 Bxh2 42. bxc6 bxc6 43. Rb7 Bf4 44. Rxa7 h2 45. Ra8+ Kg7 46. a5 h1=Q 47. Ke2
Qd1+ 48. Kf2 Qf1# 0-1

[Event "Mecklenburg-Vorpommern-Schleswig-Holstei"]
[Site "Dresden"]
[Date "2008.11.16"]
[Round "5.5"]
[White "Franzenburg, Maria"]
[Black "Wolf, Christoph"]
[Result "1-0"]
[WhiteElo "1661"]
[BlackElo "1790"]
[PlyCount "95"]
[EventDate "2008.??.??"]
[WhiteTeam "Schleswig-Holstein"]
[BlackTeam "Mecklenburg-Vorpommern"]

1. e4 e5 2. Nf3 Nc6 3. Bb5 a6 4. Bxc6 dxc6 5. h3 Bd6 6. d4 exd4 7. Qxd4 f6 8.
O-O c5 9. Qd1 Ne7 10. Nc3 Be6 11. Be3 Qd7 12. Qe2 O-O-O 13. Rfd1 Qe8 14. Rd2 g5
15. Bxg5 Qg6 16. e5 fxe5 17. Bxe7 Bxe7 18. Rxd8+ Rxd8 19. Nxe5 Qh6 20. Ng4 Bxg4
21. Qxg4+ Kb8 22. Rd1 Rxd1+ 23. Qxd1 Qg6 24. Ne2 Qh5 25. Qd3 Bd6 26. c3 Ka7 27.
b3 b6 28. f4 Qh4 29. g4 h5 30. Qg3 Qxg3+ 31. Nxg3 hxg4 32. hxg4 Bxf4 33. Ne4
Kb7 34. Kf2 Kc6 35. Kf3 Be5 36. c4 Kd7 37. g5 Ke6 38. Kg4 Bb2 39. Ng3 b5 40.
Ne4 bxc4 41. bxc4 Bd4 42. g6 a5 43. a4 c6 44. Kh5 Kf5 45. Nd6+ Ke6 46. Nb7 Kd7
47. Nxc5+ Kc7 48. Ne6+ 1-0

[Event "Niedersachsen-Rheinland-Pfalz"]
[Site "Dresden"]
[Date "2008.11.16"]
[Round "5.3"]
[White "Grünter, Martin"]
[Black "Schulz, Jens"]
[Result "1/2-1/2"]
[WhiteElo "2018"]
[BlackElo "2017"]
[PlyCount "88"]
[EventDate "2008.??.??"]
[WhiteTeam "Rheinland-Pfalz"]
[BlackTeam "Niedersachsen"]

1. e4 e5 2. Nf3 Nc6 3. Bc4 Bc5 4. c3 Nf6 5. d4 exd4 6. O-O d5 7. exd5 Nxd5 8.
Qb3 Be6 9. Qxb7 Nde7 10. Bxe6 fxe6 11. Qb5 Qd5 12. cxd4 Bb6 13. Qxd5 exd5 14.
Rd1 Nf5 15. Nc3 O-O-O 16. Bg5 Rd7 17. Ne5 Nxe5 18. dxe5 h6 19. e6 Rd6 20. Bf4
Rxe6 21. Nxd5 g5 22. Nxb6+ axb6 23. Bd2 Rhe8 24. Re1 Nd4 25. Rxe6 Rxe6 26. Re1
Rc6 27. Bc3 Nb5 28. Bg7 Kd7 29. g3 Rg6 30. Bh8 Rd6 31. Re2 Nd4 32. Bxd4 Rxd4
33. Kg2 b5 34. Kf3 c5 35. Ke3 Rc4 36. a3 Kd6 37. f4 gxf4+ 38. gxf4 Ke6 39. Kf3+
Kf5 40. Re5+ Kf6 41. Re4 Rc1 42. h3 Rf1+ 43. Kg3 Rg1+ 44. Kf2 Rb1 1/2-1/2

[Event "Württemberg 1-Hessen 1"]
[Site "Dresden"]
[Date "2008.11.16"]
[Round "5.7"]
[White "Breitwieser, Jasmin"]
[Black "von Schwerin, Clemens"]
[Result "1/2-1/2"]
[WhiteElo "1741"]
[BlackElo "1751"]
[PlyCount "82"]
[EventDate "2008.??.??"]
[WhiteTeam "Hessen 1"]
[BlackTeam "Württemberg 1"]

1. e4 c6 2. d4 d5 3. e5 Bf5 4. h4 h5 5. Bd3 Bxd3 6. Qxd3 e6 7. Nf3 Qa5+ 8. c3
Qa6 9. Qxa6 Nxa6 10. Nbd2 c5 11. Nb3 b6 12. Be3 Nh6 13. Bxh6 Rxh6 14. Kd2 c4
15. Nc1 b5 16. Ne2 Be7 17. Ng5 Rh8 18. Rh3 Nc7 19. Rf3 f6 20. exf6 gxf6 21. Nh3
Kd7 22. Nhf4 Rag8 23. Ng3 f5 24. Nfxh5 Bxh4 25. a4 Rb8 26. axb5 Rxb5 27. Kc2
Bxg3 28. Nxg3 Rhb8 29. Ra2 R5b7 30. Ne2 Ne8 31. Nf4 Nf6 32. Re3 Re8 33. Ra6
Reb8 34. Ra2 Ne4 35. f3 Ng5 36. Ng6 Rg8 37. Ne5+ Kc7 38. Re2 Rgb8 39. Kc1 Rh8
40. Ra6 Rh1+ 41. Kc2 Rh6 1/2-1/2

[Event "Württemberg 2-Hamburg"]
[Site "Dresden"]
[Date "2008.11.16"]
[Round "5.4"]
[White "Djalalova, Nigora"]
[Black "Müller, Tobias"]
[Result "0-1"]
[WhiteElo "1900"]
[BlackElo "1819"]
[PlyCount "82"]
[EventDate "2008.??.??"]
[WhiteTeam "Württemberg 2"]
[BlackTeam "Hamburg"]

1. d4 d5 2. c4 e6 3. Nc3 Nf6 4. Bg5 c6 5. cxd5 exd5 6. e3 Bf5 7. Bd3 Bxd3 8.
Qxd3 Nbd7 9. Nf3 Bd6 10. a3 a5 11. O-O O-O 12. Rfd1 Qe8 13. Nd2 Qb8 14. Nf1 Ng4
15. h3 Bh2+ 16. Nxh2 Qxh2+ 17. Kf1 Ngf6 18. Bf4 Qh1+ 19. Ke2 Qxg2 20. Rh1 Ne4
21. Rh2 Qg6 22. h4 Ndf6 23. f3 Ng3+ 24. Bxg3 Qxg3 25. Rah1 Rfe8 26. h5 Re7 27.
h6 g6 28. Nd1 Rae8 29. Rh3 Qg2+ 30. Ke1 Nh5 31. R1h2 Qg1+ 32. Qf1 Rxe3+ 33.
Nxe3 Rxe3+ 34. Kd2 Qxf1 35. Kxe3 Qe1+ 36. Re2 Qxe2+ 37. Kxe2 Nf4+ 38. Ke3 Nxh3
39. f4 g5 40. fxg5 Nxg5 41. Kf4 f6 0-1

[Event "Berlin-Nordrhein-Westfalen"]
[Site "Dresden"]
[Date "2008.11.16"]
[Round "5.1"]
[White "Savchenko, Aleksij"]
[Black "Figura, Atila Gajo"]
[Result "0-1"]
[WhiteElo "2192"]
[BlackElo "2341"]
[PlyCount "76"]
[EventDate "2008.??.??"]
[WhiteTeam "Nordrhein-Westfalen"]
[BlackTeam "Berlin"]

1. d4 d5 2. Nf3 c6 3. e3 Nf6 4. c4 Bf5 5. Nc3 e6 6. Qb3 Qb6 7. c5 Qc7 8. Bd2
Nbd7 9. a4 h6 10. a5 a6 11. Na4 g5 12. Nb6 Rb8 13. h3 Bg7 14. Be2 Bg6 15. g4
Ne4 16. Nxd7 Kxd7 17. h4 f5 18. gxf5 exf5 19. h5 Bf7 20. Nh2 g4 21. Nf1 Be6 22.
Rg1 Bf6 23. Ng3 Bh4 24. Nxe4 fxe4 25. Rh1 Qd8 26. O-O-O Bxf2 27. Be1 Bxe1 28.
Rdxe1 Qxa5 29. Rhg1 b6 30. Qa3 Qxa3 31. bxa3 bxc5 32. Bxg4 cxd4 33. Ref1 dxe3
34. Rf7+ Kd6 35. Rf6 Rbe8 36. Rgf1 Ke5 37. Bxe6 Rxe6 38. R1f5+ Kd6 0-1

[Event "Berlin-Nordrhein-Westfalen"]
[Site "Dresden"]
[Date "2008.11.16"]
[Round "5.4"]
[White "Kropman, Alexei"]
[Black "Krug, Kevin"]
[Result "1/2-1/2"]
[WhiteElo "1895"]
[BlackElo "2195"]
[PlyCount "72"]
[EventDate "2008.??.??"]
[WhiteTeam "Berlin"]
[BlackTeam "Nordrhein-Westfalen"]

1. e4 c6 2. d4 d5 3. Nc3 dxe4 4. Nxe4 Nd7 5. Nf3 Ngf6 6. Nxf6+ Nxf6 7. Bc4 Nd5
8. c3 g6 9. O-O Bg7 10. Bg5 O-O 11. Qd2 Be6 12. Bb3 Re8 13. Rfe1 a5 14. Bh6 a4
15. Bc2 Nb6 16. Bxg7 Kxg7 17. b3 Qc7 18. c4 Nc8 19. Qc3 Kg8 20. Ng5 Bd7 21. Qf3
Rf8 22. Qe3 Kg7 23. Rac1 h6 24. Nf3 Qd6 25. Ne5 Rd8 26. c5 Qf6 27. bxa4 Be6 28.
Bb3 Bd5 29. Rc3 Qg5 30. g3 e6 31. h4 Qf5 32. Kh2 h5 33. Qd2 Be4 34. Qe3 Bd5 35.
Qd2 Be4 36. Qe3 Bd5 1/2-1/2

[Event "Sachsen 1-Sachsen Anhalt"]
[Site "Dresden"]
[Date "2008.11.16"]
[Round "5.3"]
[White "Rafayevych, Vilen"]
[Black "Dünzel, Jonas"]
[Result "1/2-1/2"]
[WhiteElo "1936"]
[BlackElo "1983"]
[PlyCount "71"]
[EventDate "2008.??.??"]
[WhiteTeam "Sachsen Anhalt"]
[BlackTeam "Sachsen 1"]

1. d4 Nf6 2. c4 e6 3. Nf3 b6 4. a3 Bb7 5. Nc3 Be7 6. g3 O-O 7. Bg2 Ne4 8. Qd3
f5 9. O-O Nxc3 10. Qxc3 c5 11. dxc5 bxc5 12. Rd1 Nc6 13. Qd3 d6 14. e4 Ne5 15.
Nxe5 dxe5 16. Qd7 Bc8 17. Qxd8 Rxd8 18. Rxd8+ Bxd8 19. exf5 Rb8 20. fxe6 Bxe6
21. Bd5 Bxd5 22. cxd5 Be7 23. f4 Rd8 24. fxe5 Rxd5 25. Bf4 g5 26. Be3 Rxe5 27.
Kf2 Rd5 28. Rc1 a6 29. Rc2 Kf7 30. Rd2 Rxd2+ 31. Bxd2 Bf6 32. b3 g4 33. Be3 Be7
34. a4 Ke6 35. Ke2 Kd5 36. Kd3 1/2-1/2

[Event "Sachsen 2-Thüringen"]
[Site "Dresden"]
[Date "2008.11.16"]
[Round "5.5"]
[White "Pältz, Sebastian"]
[Black "Lehr, Albert"]
[Result "1-0"]
[WhiteElo "1676"]
[BlackElo "1668"]
[PlyCount "69"]
[EventDate "2008.??.??"]
[WhiteTeam "Thüringen"]
[BlackTeam "Sachsen 2"]

1. e4 c5 2. c3 d5 3. exd5 Qxd5 4. d4 cxd4 5. cxd4 Nf6 6. Nc3 Qd8 7. Nf3 Bg4 8.
Bb5+ Nbd7 9. h3 Bh5 10. Bg5 a6 11. Ba4 b5 12. Bc2 e6 13. Be4 Ra7 14. g4 Bg6 15.
Bc6 h6 16. Bh4 Be7 17. Ne5 Kf8 18. Bxd7 Rxd7 19. Nxd7+ Qxd7 20. O-O Ne4 21.
Bxe7+ Kxe7 22. Nxe4 Bxe4 23. f3 Bc6 24. Rc1 h5 25. Qd2 Qd5 26. Qb4+ Kf6 27. Rc5
Qd7 28. Rfc1 Bxf3 29. Rc7 Qd8 30. d5 e5 31. R1c6+ Kg5 32. Qd2+ Kh4 33. Qf2+ Kg5
34. Qxf3 hxg4 35. Qxg4# 1-0

[Event "Sachsen 2-Thüringen"]
[Site "Dresden"]
[Date "2008.11.16"]
[Round "5.1"]
[White "Hannes, Diana"]
[Black "Schäfer, Erik"]
[Result "0-1"]
[WhiteElo "2008"]
[BlackElo "2086"]
[PlyCount "68"]
[EventDate "2008.??.??"]
[WhiteTeam "Thüringen"]
[BlackTeam "Sachsen 2"]

1. e4 c5 2. Nf3 e6 3. d4 cxd4 4. Nxd4 Nc6 5. Nc3 Qc7 6. Be2 a6 7. O-O Nf6 8.
Nxc6 bxc6 9. Be3 Bb4 10. Bf3 d5 11. exd5 cxd5 12. Qd4 Bd6 13. Qh4 O-O 14. Rfd1
Rb8 15. Rab1 Rb4 16. Rd4 Rxd4 17. Bxd4 e5 18. Be3 d4 19. Ne4 Nxe4 20. Bxe4 f5
21. Bd5+ Kh8 22. Bg5 Bb7 23. Bxb7 Qxb7 24. Qh3 Qf7 25. b3 f4 26. Qd3 h6 27.
Qxa6 Qd5 28. Bh4 g5 29. Qd3 e4 30. c4 exd3 31. cxd5 d2 32. Kf1 Re8 33. f3 gxh4
34. Rd1 Bb4 0-1

[Event "Sachsen 1-Sachsen Anhalt"]
[Site "Dresden"]
[Date "2008.11.16"]
[Round "5.7"]
[White "Zimmermann, Christian"]
[Black "Rührmund, Daniel"]
[Result "1-0"]
[WhiteElo "1513"]
[BlackElo "1745"]
[PlyCount "67"]
[EventDate "2008.??.??"]
[WhiteTeam "Sachsen Anhalt"]
[BlackTeam "Sachsen 1"]

1. e4 c5 2. Nf3 e6 3. d4 cxd4 4. Nxd4 a6 5. Nc3 Qc7 6. Be3 Bb4 7. Qd2 Nf6 8. f3
O-O 9. Bd3 d5 10. a3 Bxc3 11. bxc3 b5 12. O-O Nbd7 13. Rfe1 Bb7 14. Bf2 Rac8
15. e5 Ne8 16. Re3 Qxc3 17. Bxh7+ Kxh7 18. Rxc3 Nxe5 19. Rxc8 Bxc8 20. Qc3 Nc4
21. a4 Bd7 22. axb5 Bxb5 23. Nxb5 axb5 24. Ra8 Rg8 25. Qd4 Nf6 26. Rxg8 Kxg8
27. Qc5 Ne8 28. Qxb5 Ned6 29. Qb8+ Kh7 30. Qc7 Kg6 31. g4 Nb5 32. Qg3 Nd2 33.
Kg2 f6 34. Qb8 1-0

[Event "Württemberg 1-Hessen 1"]
[Site "Dresden"]
[Date "2008.11.16"]
[Round "5.8"]
[White "Weber, Sandra"]
[Black "Bluhm, Sonja Maria"]
[Result "0-1"]
[WhiteElo "1243"]
[BlackElo "1636"]
[PlyCount "64"]
[EventDate "2008.??.??"]
[WhiteTeam "Württemberg 1"]
[BlackTeam "Hessen 1"]

1. e4 e5 2. Nf3 Nc6 3. Bb5 a6 4. Ba4 Nf6 5. O-O Be7 6. Re1 b5 7. Bb3 O-O 8. c3
d5 9. exd5 Nxd5 10. Nxe5 Nxe5 11. Rxe5 c6 12. d4 Bd6 13. Re1 Qh4 14. g3 Qh3 15.
Qf3 Bg4 16. Qg2 Qh5 17. Bd2 Kh8 18. Bc2 Rae8 19. Qf1 f5 20. Na3 Re2 21. Rxe2
Bxe2 22. Bd1 Re8 23. Bxe2 Rxe2 24. Rd1 f4 25. Nb1 fxg3 26. Kg2 Qxh2+ 27. Kf3
Rxf2+ 28. Qxf2 Qxf2+ 29. Ke4 Qe2+ 30. Kf5 Qxd1 31. Ke6 Qxb1 32. Kxd6 g2 0-1

[Event "Württemberg 2-Hamburg"]
[Site "Dresden"]
[Date "2008.11.16"]
[Round "5.2"]
[White "Geshnizjani, Ramin Tobias"]
[Black "Borgmeyer, Max"]
[Result "1-0"]
[WhiteElo "2002"]
[BlackElo "2067"]
[PlyCount "57"]
[EventDate "2008.??.??"]
[WhiteTeam "Württemberg 2"]
[BlackTeam "Hamburg"]

1. e4 c5 2. Nf3 d6 3. Bb5+ Bd7 4. Bxd7+ Qxd7 5. c4 Nc6 6. d4 Qg4 7. O-O Nxd4 8.
Nxd4 Qxd1 9. Rxd1 cxd4 10. Rxd4 g6 11. Nc3 Bg7 12. Rd3 Nf6 13. f3 O-O 14. Be3
Rfc8 15. b3 b5 16. cxb5 Nxe4 17. fxe4 Rxc3 18. Rxc3 Bxc3 19. Rc1 Ba5 20. Rc6
Rb8 21. a4 Bb6 22. Bxb6 axb6 23. Kf2 Rb7 24. Ke3 Kg7 25. Kd4 Kf6 26. Kd5 Rb8
27. e5+ Kf5 28. exd6 e6+ 29. Kd4 1-0

[Event "Berlin-Nordrhein-Westfalen"]
[Site "Dresden"]
[Date "2008.11.16"]
[Round "5.2"]
[White "Glantz, Robert"]
[Black "Kotainy, Jens"]
[Result "1-0"]
[WhiteElo "2183"]
[BlackElo "2207"]
[PlyCount "55"]
[EventDate "2008.??.??"]
[WhiteTeam "Berlin"]
[BlackTeam "Nordrhein-Westfalen"]

1. e4 e6 2. d4 d5 3. Nc3 Nf6 4. e5 Nfd7 5. f4 c5 6. Nf3 Nc6 7. Be3 Be7 8. Qd2
O-O 9. O-O-O c4 10. Ne2 b5 11. Kb1 b4 12. Qe1 a5 13. g4 Nb6 14. Rg1 a4 15. Bc1
c3 16. Rg3 Nc4 17. Rh3 b3 18. Nxc3 Nb4 19. Bd3 g6 20. Ng5 bxc2+ 21. Bxc2 Nxc2
22. Qh4 N2a3+ 23. bxa3 Qb6+ 24. Kc2 h5 25. gxh5 Nxa3+ 26. Bxa3 Bxa3 27. Rb1
Qxd4 28. hxg6 1-0

[Event "Hessen 2-Saarland"]
[Site "Dresden"]
[Date "2008.11.16"]
[Round "5.4"]
[White "Donchenko, Alexander"]
[Black "Sonnhalter, Stella"]
[Result "0-1"]
[WhiteElo "1880"]
[BlackElo "1607"]
[PlyCount "52"]
[EventDate "2008.??.??"]
[WhiteTeam "Hessen 2"]
[BlackTeam "Saarland"]

1. d4 Nf6 2. Nf3 e6 3. c4 b6 4. g3 Ba6 5. b3 Bb7 6. Bg2 Be7 7. O-O O-O 8. Bb2
d5 9. cxd5 Nxd5 10. Nbd2 Nd7 11. Rc1 c5 12. Nc4 Rc8 13. Qd2 N7f6 14. Rfd1 b5
15. Nce5 Qb6 16. e3 Rfd8 17. Qe1 Ne4 18. Nxf7 Rf8 19. N7e5 Ndf6 20. dxc5 Bxc5
21. b4 Bd6 22. Bh3 Bxe5 23. Nxe5 Rxc1 24. Bxc1 Ng5 25. Bf1 Ng4 26. Bg2 Nxe5 0-1

[Event "Mecklenburg-Vorpommern-Schleswig-Holstei"]
[Site "Dresden"]
[Date "2008.11.16"]
[Round "5.1"]
[White "Kölsch, Maximilian"]
[Black "Daug, Jörn-Henning"]
[Result "1/2-1/2"]
[WhiteElo "2129"]
[BlackElo "1821"]
[PlyCount "51"]
[EventDate "2008.??.??"]
[WhiteTeam "Schleswig-Holstein"]
[BlackTeam "Mecklenburg-Vorpommern"]

1. d4 d5 2. c4 c6 3. Nf3 Nf6 4. Qc2 e6 5. Bf4 Nbd7 6. e3 Be7 7. Nc3 O-O 8. cxd5
exd5 9. Bd3 Re8 10. g4 Nf8 11. h3 Bd6 12. Ne5 Qe7 13. O-O-O N6d7 14. Nxd7 Bxd7
15. Bxd6 Qxd6 16. Kb1 Rac8 17. e4 dxe4 18. Nxe4 Qf4 19. Nc5 Rc7 20. Qd2 Qxd2
21. Rxd2 Bc8 22. f3 Rce7 23. Ne4 Ng6 24. Nd6 Rd8 25. Bxg6 Rxd6 26. Be4 1/2-1/2

[Event "Sachsen 2-Thüringen"]
[Site "Dresden"]
[Date "2008.11.16"]
[Round "5.7"]
[White "Jünger, Theresa"]
[Black "Viereck, Marten"]
[Result "0-1"]
[WhiteElo "1537"]
[BlackElo "1353"]
[PlyCount "48"]
[EventDate "2008.??.??"]
[WhiteTeam "Thüringen"]
[BlackTeam "Sachsen 2"]

1. d4 c5 2. Nf3 Nf6 3. Bg5 e6 4. e3 d5 5. Be2 a6 6. O-O Nc6 7. c3 c4 8. Nbd2
Be7 9. Bxf6 Bxf6 10. e4 O-O 11. Qc2 b5 12. Rfe1 b4 13. cxb4 Bxd4 14. Nxd4 Nxd4
15. Qc3 Nb5 16. Qc2 Nd4 17. Qc3 Nb5 18. Qg3 Bb7 19. exd5 exd5 20. Rad1 Qf6 21.
Rb1 Rfe8 22. Nf1 c3 23. bxc3 Nxc3 24. Rb2 Ne4 0-1

[Event "Baden-Bayern"]
[Site "Dresden"]
[Date "2008.11.16"]
[Round "5.8"]
[White "Spiegelberg, Silvia"]
[Black "Berger, Nadja"]
[Result "1/2-1/2"]
[WhiteElo "1535"]
[BlackElo "1553"]
[PlyCount "45"]
[EventDate "2008.??.??"]
[WhiteTeam "Baden"]
[BlackTeam "Bayern"]

1. e4 c5 2. Nf3 a6 3. d4 cxd4 4. Nxd4 e5 5. Nb3 Nf6 6. f3 Nc6 7. Be3 d5 8. Bg5
d4 9. c3 Be7 10. Be2 h6 11. Bh4 O-O 12. cxd4 Bb4+ 13. N1d2 exd4 14. a3 Be7 15.
Qc2 Be6 16. Nc5 Ne5 17. Nxe6 fxe6 18. Qb3 Qc8 19. Nc4 Nxc4 20. Bxc4 Kh8 21.
Bxe6 Qc7 22. Bg3 Qa5+ 23. Ke2 1/2-1/2

[Event "Hessen 2-Saarland"]
[Site "Dresden"]
[Date "2008.11.16"]
[Round "5.8"]
[White "Sancar, Alina"]
[Black "Puffay, Jana"]
[Result "1-0"]
[WhiteElo "1503"]
[BlackElo "1109"]
[PlyCount "41"]
[EventDate "2008.??.??"]
[WhiteTeam "Hessen 2"]
[BlackTeam "Saarland"]

1. d4 d5 2. c4 e6 3. e3 Nf6 4. Nf3 Nc6 5. Nc3 Bd6 6. Bd2 b6 7. a3 Ba6 8. Qa4
Bb7 9. c5 bxc5 10. dxc5 Bxc5 11. Bb5 Qd7 12. Ne5 Qd6 13. Bxc6+ Bxc6 14. Qxc6+
Qxc6 15. Nxc6 Kd7 16. Ne5+ Ke7 17. O-O d4 18. Nc6+ Kd6 19. Nxd4 Ke5 20. Ncb5
Nd5 21. Rac1 1-0

[Event "Berlin-Nordrhein-Westfalen"]
[Site "Dresden"]
[Date "2008.11.16"]
[Round "5.8"]
[White "Lagunov, Elina"]
[Black "Kuckling, Hannah"]
[Result "0-1"]
[WhiteElo "1344"]
[BlackElo "1538"]
[PlyCount "34"]
[EventDate "2008.??.??"]
[WhiteTeam "Berlin"]
[BlackTeam "Nordrhein-Westfalen"]

1. e4 Nf6 2. e5 Nd5 3. d4 d6 4. f4 dxe5 5. dxe5 Nc6 6. Nf3 Bf5 7. Bb5 Ndb4 8.
Nd4 Qxd4 9. Qxd4 Nxc2+ 10. Kf2 N2xd4 11. Ba4 e6 12. Be3 Nc2 13. Bxc2 Bxc2 14.
Nc3 a6 15. Rac1 Bf5 16. Rhd1 Nb4 17. Ke2 Bg4+ 0-1

[Event "Sachsen 1-Sachsen Anhalt"]
[Site "Dresden"]
[Date "2008.11.16"]
[Round "5.8"]
[White "Pührer, Anne"]
[Black "Müller, Alexandra"]
[Result "0-1"]
[WhiteElo "1282"]
[BlackElo "1532"]
[PlyCount "92"]
[EventDate "2008.??.??"]
[WhiteTeam "Sachsen 1"]
[BlackTeam "Sachsen Anhalt"]

1. e4 e5 2. Nf3 Nc6 3. d4 exd4 4. Nxd4 Bc5 5. Nb3 Bb6 6. Bd3 d6 7. O-O Nf6 8.
Nc3 h6 9. Bf4 O-O 10. Qf3 Be6 11. h3 Bxb3 12. axb3 Nd4 13. Qd1 Re8 14. Re1 Nc6
15. Qd2 Ne5 16. Rad1 a6 17. Ne2 Ng6 18. Ng3 Nxf4 19. Qxf4 Nd7 20. Nf5 Ne5 21.
Kh1 Qg5 22. Qxg5 hxg5 23. f3 g6 24. Ne3 Bxe3 25. Rxe3 Kg7 26. Bc4 Nxc4 27. bxc4
Re5 28. Rd5 Rae8 29. Red3 f5 30. Rxe5 Rxe5 31. Rd5 Rxd5 32. exd5 Kf6 33. Kg1
Ke5 34. c3 b5 35. cxb5 axb5 36. b3 Kxd5 37. Kf2 Ke5 38. Kg3 c5 39. h4 gxh4+ 40.
Kxh4 Kf4 41. Kh3 d5 42. Kh2 d4 43. cxd4 cxd4 44. Kg1 Ke3 45. Kf1 Kd2 46. Kf2
Kc2 0-1